Los programas de fomento gubernamentales a la exportación para la competitividad internacional de México /
Guardado en:
| Autor principal: | |
|---|---|
| Formato: | Tesis Libro |
| Idioma: | Español |
| Temas: | |
| Etiquetas: |
Sin etiquetas, Sé el primero en etiquetar este registro!
|
MARC
| LEADER | 00000nam^a2200000^a^4500 | ||
|---|---|---|---|
| 001 | 000183541 | ||
| 005 | 20250521000000.0 | ||
| 009 | 20260310102044.712 | ||
| 037 | |a Acervo ITESO - Biblioteca | ||
| 041 | |a ESP | ||
| 090 | |a MAD. 111 | ||
| 100 | |a Díaz Báez, Rodrigo |e (autor) | ||
| 245 | 1 | 4 | |a Los programas de fomento gubernamentales a la exportación para la competitividad internacional de México / |c R. Díaz Báez. |
| 264 | |a Guadalajara, México : |b edición de autor, |c 2005 | ||
| 300 | |a 1 disco compacto de computadora | ||
| 336 | |a datos para computadora |b cod |2 rdacontenido | ||
| 337 | |a computadora |b c |2 rdamedio | ||
| 338 | |a disco de computadora |b cd |2 rdasoporte | ||
| 502 | |a ITESO Tesis de Maestría en Administración | ||
| 649 | |a XX | ||
| 650 | |a Maquiladoras - |z México | ||
| 650 | |a Productividad - |z México | ||
| 650 | |a Exportaciones - |z México | ||
| 650 | |a Competitividad - |z México | ||
| 650 | |a Competencia Internacional (Economía) - |z México | ||
| 650 | |a Financiamiento (de Empresas, Proyectos, etc.) - |z México | ||
| 650 | |a Programas Gubernamentales - |z México | ||
| 650 | |a Política Comercial - |z México | ||
| 650 | |a Política Industrial - |z México | ||
| 650 | |a Política Económica - |z México | ||
| 650 | |a Comercio Exterior - |z México | ||
| 650 | |a Comercio Internacional | ||
| 650 | |a Economía - |z México - |x Historia - |y 2000-2009 | ||
| 910 | |a Fondo General | ||
| 920 | |a Electrónicos - Tesis del ITESO en Disco | ||
| 905 | |a 202 | ||
| 901 | |a 0500124196 |b IT2 |c STS |u 20250521 | ||
| 902 | |a https://opac.biblio.iteso.mx/vufind/Record/000183541 | ||